| 000 | 00726nam a2200253 a 4500 | ||
|---|---|---|---|
| 999 |
_c2910 _d2910 |
||
| 006 | a||||gr|||| 001 0 | ||
| 007 | ta | ||
| 008 | 240322t1996 ii gr 001 0 eng|d | ||
| 020 |
_a9780803992740 _cRs. 945.00 |
||
| 040 |
_aKO _beng |
||
| 041 | 0 | _aeng | |
| 044 | _aii | ||
| 082 | 0 | 4 |
_a370.113 _bR1805 _223 |
| 100 | 1 | _aRao, T. V. | |
| 245 | 1 | 0 |
_aHuman resources development _b: experiences, interventions, strategies / _cT. V. Rao |
| 260 |
_aNew Delhi : _bSage Publications India Pvt Ltd, _c1996 |
||
| 300 |
_a394 p. ; _c25 cm |
||
| 650 | 0 |
_aSocial planning _vTextbooks |
|
| 650 | 0 |
_aHuman services _xPlanning _vTextbooks |
|
| 650 | 0 |
_aHuman capital _xPlanning _vTextbooks |
|
| 904 | _aA_BOSE | ||
| 942 | _cBK | ||